000 00654nam a22002057a 4500
005 20241001125017.0
010 _aENG-141824
020 _a9788181523174
_c657.00
035 _aEN-125356
037 _bDBAD
082 _a305.4
100 _aGhansham, G. A.
_972255
245 _aWomen Relationship and Rebellion/
250 _a1
260 _aJAIPUR
_b Book Enclave
_c2013
270 _aF-11 , S.S. Tower, Dhamani Street , Chaura Rasta.
_bJAIPUR
_e302003
_mbookenclave@yahoo.com
_k91-141-2311900
_k91-9414443132
300 _a174p
_c22cm(HB)
700 _aG. A. Ghanshyam
_eManishrai L. Mukat
_972138
942 _2ddc
_cEN
_h305.4
_mGHA
999 _c205985
_d205985